000 00894nam a2200253Ia 4500
003 OSt
005 20221005113047.0
006 a|||||r|||| 00| 0
007 ta
008 221004b |||||||| |||| 00| 0 pan d
020 _a8187645227X (hbk)
_cIndian Rupees 390
024 _a38643
037 _bgift, 16/07/2018,
_cTextual
040 _aCRL
_cCRL
_bpan
041 _2pan
_apan
082 _aP153:4, 153Q1
100 _aਬਾਸੀ, ਨਿਰਮਲ ਸਿੰਘ, ਂਚ.
245 0 _aਅਨੇਕ-ਅਰਥਤਾ ਅਤੇ ਪੰਜਾਬੀ ਭਾFਾ
260 _aਦਿੱਲੀ
_bਮਨਪ੍ਰੀਤ ਪ੍ਰਕਾFਨ ਭਾਰਤ
_c2011
300 _a216ਪ0
_ccm.
650 _aਪੰਜਾਬੀ ਭਾFਾ
942 _hP153:4, 153Q1
_cTEXL
_2cc
999 _c1026908
_d1026908